000 00636nam a2200229Ia 4500
003 GCL
008 140319s9999 xx 000 0 ara d
040 _aGCL /
_cGCL
082 0 4 _a320.02
_bس ع
100 1 _aسمير امين
245 1 0 _aالعرب فى عالم احادى القطب ? /
_cسمير امين
700 1 _aعصام الخفاجى
700 1 _aمحمد كامل الخطيب
300 _a347 ص
490 _aجدل
_v0
650 0 4 _aالعالم العربى
650 0 4 _aالشرق الاوسط
650 0 4 _aالسياسة
650 0 4 _aالعرب
650 0 4 _aالمستقبل
942 _2ddc
_cBK
999 _c37658
_d37658